LEADER 00872nam2-22003131i-450- 001 990002021620403321 005 20090325134022.0 035 $a000202162 035 $aFED01000202162 035 $a(Aleph)000202162FED01 035 $a000202162 100 $a20030910d1954----km-y0itay50------ba 101 0 $aeng 200 1 $aFulgoroidea$fZ. P. Metcalf 210 $aRaleigh$cNorth Carolina State College$d1954 215 $a54 p.$d23 cm 327 0 $a14.: Acanaloniidae 461 0$1001000203009$12001$aGeneral catalogue of the Hemiptera$v4 610 0 $aFulgoroidea 610 0 $aRhynchota Homoptera 676 $a595.752 700 1$aMetcalf,$bZeno P.$085747 801 0$aIT$bUNINA$gRICA$2UNIMARC 901 $aBK 912 $a990002021620403321 952 $a61 IV F.7/06.4.14$b2049$fDAGEN 959 $aDAGEN 996 $aFulgoroidea$9405199 997 $aUNINA LEADER 02083nam 2200517 450 001 9910467913503321 005 20200923020339.0 010 $a1-61499-777-2 035 $a(CKB)4340000000190421 035 $a(MiAaPQ)EBC4908231 035 $a(Au-PeEL)EBL4908231 035 $a(CaPaEBR)ebr11409789 035 $a(OCoLC)993432981 035 $a(EXLCZ)994340000000190421 100 $a20170809h20172017 uy 0 101 0 $aeng 135 $aurcnu|||||||| 181 $2rdacontent 182 $2rdamedia 183 $2rdacarrier 200 00$aAddressing emerging security risks for energy networks in South Caucasus /$fedited by Jurate Novogrockiene and Eva Siaulyte 210 1$aAmsterdam, Netherlands ;$aBerlin, [Germany] ;$aWashington, [District of Columbia] :$cIOS Press,$d2017. 210 4$dİ2017 215 $a1 online resource (88 pages) $cillustrations (some color), graphs 225 1 $aNATO Science for Peace and Security Series. E, Human and Societal Dynamics,$x1879-8268 ;$vVolume 137 300 $a"Therefore, an Advanced Research Workshop "Addressing Emerging Security Risks for Energy Flows over South Caucasus" took place on 5-6 of December 2016 in Tbilisi." 311 $a1-61499-776-4 320 $aIncludes bibliographical references at the end of each chapters and indexes. 410 0$aNATO science for peace and security series.$nE,$pHuman and societal dynamics ;$vVolume 137. 606 $aEnergy security$vCongresses 606 $aEnergy security$zCaucasus, South$vCongresses 606 $aEnergy industries$xSecurity measures$zCaucasus, South$vCongresses 608 $aElectronic books. 615 0$aEnergy security 615 0$aEnergy security 615 0$aEnergy industries$xSecurity measures 676 $a333.79 702 $aNovogrockiene$b Jurate 702 $aSiaulyte$b Eva 801 0$bMiAaPQ 801 1$bMiAaPQ 801 2$bMiAaPQ 906 $aBOOK 912 $a9910467913503321 996 $aAddressing emerging security risks for energy networks in South Caucasus$92227975 997 $aUNINA